Phong cách văn xuôi nghệ thuật Thạch Lam

সংরক্ষণ করুন:
গ্রন্থ-পঞ্জীর বিবরন
প্রধান লেখক: Nguyễn, Thành Thi
বিন্যাস: গ্রন্থ
ভাষা:Undetermined
প্রকাশিত: Hà Nội Khoa học Xã hội 2006
বিষয়গুলি:
ট্যাগগুলো: ট্যাগ যুক্ত করুন
কোনো ট্যাগ নেই, প্রথমজন হিসাবে ট্যাগ করুন!
Thư viện lưu trữ: Trung tâm Học liệu Trường Đại học Cần Thơ
LEADER 00625nam a2200205Ia 4500
001 CTU_112383
008 210402s9999 xx 000 0 und d
020 |c 32000 
082 |a 895.922309 
082 |b Th300 
100 |a Nguyễn, Thành Thi 
245 0 |a Phong cách văn xuôi nghệ thuật Thạch Lam 
245 0 |c Nguyễn Thành Thi 
260 |a Hà Nội 
260 |b Khoa học Xã hội 
260 |c 2006 
650 |a Vietnamese literature,Vietnamese fiction, theory of 
650 |x History and criticism 
904 |i Minh 
980 |a Trung tâm Học liệu Trường Đại học Cần Thơ